[Event "2015 British Chess Championships: Championship"]
[Site "University of Warwick, Coventry, Warwickshire"]
[Date "2015.08.06"]
[Round "10"]
[Board "32"]
[White "Edge, John"]
[Black "Paterson, Andrew I"]
[Result "1-0"]
[WhiteElo "2080"]
[BlackElo "2039"]
[PlyCount "65"]
[EventDate "2015.07.27"]
[EventRounds "11"]
[EventCountry "ENG"]

1. e4 c6 2. d4 d5 3. Nc3 dxe4 4. Nxe4 Bf5 5. Ng3 Bg6 6. N1e2 Nf6 7. Nf4 Nbd7 8.
Bc4 e5 9. Nxg6 hxg6 10. Be3 Bd6 11. Qd2 Qc7 12. O-O-O O-O-O 13. Bxf7 exd4 14.
Qxd4 Bc5 15. Qf4 Qxf4 16. Bxf4 Ng4 17. Ne4 Nxf2 18. Nxf2 Bxf2 19. Bxg6 Rdf8 20.
g3 Rf6 21. Be4 Nc5 22. Bf3 b5 23. h4 Re8 24. b4 Be3+ 25. Bxe3 Rxe3 26. Bg4+ Ne6
27. Rhe1 Rxe1 28. Rxe1 Kd7 29. Kd2 Kd6 30. Rxe6+ Rxe6 31. Bxe6 Kxe6 32. g4 Kd5
33. Ke3 1-0

[Event "2015 British Chess Championships: Championship"]
[Site "University of Warwick, Coventry, Warwickshire"]
[Date "2015.08.06"]
[Round "10"]
[Board "33"]
[White "Menadue, Jeremy F S"]
[Black "Ashworth, Michael"]
[Result "1-0"]
[WhiteElo "2042"]
[BlackElo "1912"]
[PlyCount "167"]
[EventDate "2015.07.27"]
[EventRounds "11"]
[EventCountry "ENG"]

1. d4 Nf6 2. c4 e6 3. Nc3 Bb4 4. Nf3 b6 5. Bg5 Bxc3+ 6. bxc3 Bb7 7. e3 h6 8.
Bh4 d6 9. Nd2 Nbd7 10. f3 Qe7 11. Bd3 g5 12. Bf2 O-O-O 13. a4 Rdg8 14. a5 g4
15. axb6 axb6 16. Ra7 gxf3 17. gxf3 Ng4 18. fxg4 Bxh1 19. e4 f5 20. c5 fxe4 21.
Ba6+ Kb8 22. Rb7+ Kc8 23. cxb6 cxb6 24. Qa4 Kd8 25. Qc6 Ke8 26. Nc4 e3 27.
Nxd6+ Kf8 28. Qc8+ Kg7 29. Qxd7 exf2+ 30. Kxf2 Qxd7 31. Rxd7+ Kf6 32. Rf7+ Kg5
33. Kg3 h5 34. h4+ Kh6 35. g5+ Rxg5+ 36. hxg5+ Kxg5 37. Rf1 Ra8 38. Nf7+ Kg6
39. Bd3+ Kg7 40. Rxh1 Kxf7 41. Kh4 Ra3 42. Rc1 Ke7 43. Kxh5 Ra5+ 44. Kg4 Kd6
45. Rb1 Kc7 46. Bc4 e5 47. d5 Rc5 48. Rb4 b5 49. Bxb5 Rxd5 50. c4 Rd4+ 51. Kf3
Kd6 52. Rb1 Kc5 53. Ke3 Rh4 54. Rf1 Kd6 55. Rf6+ Ke7 56. Ra6 Rd4 57. Rc6 Rh4
58. Kd3 Rd4+ 59. Kc3 Rd8 60. Rh6 Rd1 61. Bc6 Rb1 62. Bd5 Kd7 63. Re6 Re1 64.
Kd2 Rg1 65. Rxe5 Rg3 66. Re6 Ra3 67. Re3 Ra2+ 68. Kd3 Kd6 69. Kd4 Rd2+ 70. Rd3
Rc2 71. Rh3 Rd2+ 72. Kc3 Ra2 73. Rh6+ Kc7 74. c5 Ra4 75. Rh7+ Kd8 76. Bc4 Ra1
77. Kd4 Rd1+ 78. Ke5 Rc1 79. Kd6 Kc8 80. Be6+ Kb8 81. c6 Rd1+ 82. Bd5 Rd2 83.
c7+ Kc8 84. Rh8# 1-0

[Event "2015 British Chess Championships: Championship"]
[Site "University of Warwick, Coventry, Warwickshire"]
[Date "2015.08.06"]
[Round "10"]
[Board "34"]
[White "Eagleton, Greg T"]
[Black "Lentzos, Ioanis"]
[Result "1-0"]
[WhiteElo "1994"]
[BlackElo "2019"]
[PlyCount "121"]
[EventDate "2015.07.27"]
[EventRounds "11"]
[EventCountry "ENG"]

1. d4 Nf6 2. Nf3 e6 3. Bg5 h6 4. Bh4 c5 5. e3 b6 6. Bd3 Bb7 7. O-O Be7 8. Nbd2
cxd4 9. exd4 O-O 10. c3 d6 11. Re1 Nbd7 12. h3 Re8 13. a4 a6 14. Qe2 Qc7 15.
Bg3 Rec8 16. Nh2 e5 17. Nhf3 Qc6 18. dxe5 Nxe5 19. Bxe5 dxe5 20. Qxe5 Bd6 21.
Qd4 Rd8 22. Qc4 Qd7 23. Ne4 Nd5 24. Nxd6 Qxd6 25. Rad1 Qc6 26. Qxc6 Bxc6 27.
Be4 Rac8 28. Rd4 Ne7 29. Red1 Rxd4 30. Rxd4 Bxe4 31. Rxe4 Nf5 32. g4 Nd6 33.
Rb4 Nc4 34. Nd4 a5 35. Rb5 Rc5 36. b3 Na3 37. Rxc5 bxc5 38. Nc6 c4 39. Nxa5
cxb3 40. Nxb3 Kf8 41. Kf1 Ke7 42. Ke2 Ke6 43. Kd3 Kd5 44. a5 Nc4 45. Ke2 g6 46.
a6 Kc6 47. Kd3 Nd6 48. c4 f5 49. f3 fxg4 50. fxg4 Nf7 51. c5 Kc7 52. Nd4 h5 53.
gxh5 gxh5 54. Kc4 h4 55. Kb5 Kb8 56. Nf5 Ng5 57. Kb6 Nxh3 58. c6 Nf4 59. c7+
Kc8 60. Ne7+ Kd7 61. c8=Q+ 1-0

[Event "2015 British Chess Championships: Championship"]
[Site "University of Warwick, Coventry, Warwickshire"]
[Date "2015.08.06"]
[Round "10"]
[Board "35"]
[White "Rice, Chris B"]
[Black "Willow, Jonah B"]
[Result "0-1"]
[WhiteElo "2015"]
[BlackElo "1918"]
[PlyCount "60"]
[EventDate "2015.07.27"]
[EventRounds "11"]
[EventCountry "ENG"]

1. c4 e5 2. g3 Nc6 3. Nc3 g6 4. Bg2 Bg7 5. e4 d6 6. Nge2 h5 7. h4 Bg4 8. f3 Be6
9. Nd5 Qd7 10. d3 f5 11. Bg5 Nd8 12. b3 Nf7 13. Be3 c6 14. Ndc3 Nf6 15. exf5
gxf5 16. d4 exd4 17. Nxd4 c5 18. Nde2 d5 19. Bxc5 Qc7 20. Be3 dxc4 21. Qc2 cxb3
22. axb3 Nd5 23. Bd2 Nb4 24. Qb1 Rd8 25. Ra4 Nd3+ 26. Kf1 Qb6 27. Be1 Nfe5 28.
Nf4 Nxf4 29. Rxf4 Nd3 30. Ra4 Bxc3 0-1

[Event "2015 British Chess Championships: Championship"]
[Site "University of Warwick, Coventry, Warwickshire"]
[Date "2015.08.06"]
[Round "10"]
[Board "36"]
[White "Page, Mark E"]
[Black "Brozel, Sacha"]
[Result "1-0"]
[WhiteElo "2096"]
[BlackElo "1976"]
[PlyCount "145"]
[EventDate "2015.07.27"]
[EventRounds "11"]
[EventCountry "ENG"]

1. e4 c5 2. f4 e6 3. Nf3 Nc6 4. Nc3 Nge7 5. g3 d5 6. d3 g6 7. Bg2 Bg7 8. O-O
O-O 9. g4 f5 10. gxf5 exf5 11. e5 Qb6 12. b3 d4 13. Na4 Qc7 14. Nb2 Nd8 15. Nc4
Be6 16. Bd2 Rb8 17. c3 Bxc4 18. dxc4 dxc3 19. Bxc3 Ne6 20. Qc1 Rfd8 21. Qe3 Rd7
22. Rad1 Rbd8 23. Rxd7 Qxd7 24. Ng5 Nxg5 25. fxg5 b6 26. Re1 Qd3 27. Bd5+ Rxd5
28. cxd5 Qxe3+ 29. Rxe3 Nxd5 30. Rd3 Nxc3 31. Rxc3 Bxe5 32. Rd3 Bd4+ 33. Kg2
Kf7 34. b4 Ke6 35. bxc5 Bxc5 36. Rd8 Be7 37. Ra8 Bxg5 38. Rxa7 h6 39. Kf3 Be7
40. Rb7 Bc5 41. Rh7 Bf8 42. a4 h5 43. Rc7 Kd5 44. Rf7 Bd6 45. h3 Ke6 46. Rg7
Kf6 47. Rb7 Bc5 48. Rc7 Bd4 49. Rc6+ Kf7 50. h4 Kg7 51. Ke2 f4 52. Kf3 Be3 53.
Ke4 Kf7 54. Ke5 Kg7 55. Rc7+ Kh6 56. Ke4 Bf2 57. Rb7 Be3 58. Rf7 Bd2 59. Kd5
Bc3 60. Rxf4 g5 61. Rc4 Ba5 62. Rc6+ Kg7 63. hxg5 Kf7 64. Ke4 h4 65. Kf5 h3 66.
Rh6 Kg7 67. Rxh3 Bb4 68. Rd3 Kf7 69. Rd7+ Kf8 70. Rb7 Bc5 71. Kg6 Bd4 72. Kh7
Bc5 73. g6 1-0

[Event "2015 British Chess Championships: Championship"]
[Site "University of Warwick, Coventry, Warwickshire"]
[Date "2015.08.06"]
[Round "10"]
[Board "37"]
[White "Garnett, John S"]
[Black "Wilson, Matthew R"]
[Result "0-1"]
[WhiteElo "1984"]
[BlackElo "1842"]
[PlyCount "134"]
[EventDate "2015.07.27"]
[EventRounds "11"]
[EventCountry "ENG"]

1. d4 Nf6 2. Bg5 e6 3. e4 h6 4. Bxf6 Qxf6 5. Nc3 Bb4 6. Qd3 O-O 7. e5 Qg6 8.
Qxg6 fxg6 9. Bd3 Nc6 10. Nge2 g5 11. O-O Bxc3 12. bxc3 b6 13. f4 gxf4 14. Nxf4
Ne7 15. Be4 Ba6 16. Rf3 c6 17. Bd3 Bxd3 18. Nxd3 Rxf3 19. gxf3 Nd5 20. a4 Nxc3
21. Kf2 a5 22. Ra3 Nd5 23. Rb3 b5 24. axb5 a4 25. Rb1 cxb5 26. Ke1 Kf8 27. Kd2
a3 28. c3 a2 29. Ra1 Ra3 30. f4 Nxc3 31. Kc2 Nd5 32. Nc5 Ke7 33. Kb2 Ra7 34.
Rxa2 Rxa2+ 35. Kxa2 Nxf4 36. Ka3 Nd5 37. Kb3 g5 38. Ne4 g4 39. Ng3 Ne3 40. Kb4
Nc2+ 41. Kc3 Ne1 42. Nf1 Nf3 43. Kd3 b4 44. Ne3 Nxh2 45. Kc4 h5 46. Kxb4 h4 47.
Kc3 h3 48. Kd3 Nf3 49. Nxg4 h2 50. Nf2 Kf7 51. Ke3 Ne1 52. Ke4 Nc2 53. d5 exd5+
54. Kxd5 Ne3+ 55. Ke4 Ng4 56. Nh1 Kg6 57. Kf4 Kh5 58. Kg3 Kg5 59. Kh3 Kf4 60.
Kg2 Kxe5 61. Ng3 Kf4 62. Ne2+ Ke3 63. Nc3 d6 64. Nd5+ Kd4 65. Nc7 Ke5 66. Kh1
Kf4 67. Nb5 Kg3 0-1

[Event "2015 British Chess Championships: Championship"]
[Site "University of Warwick, Coventry, Warwickshire"]
[Date "2015.08.07"]
[Round "11"]
[Board "1"]
[White "Howell, David W L"]
[Black "Hebden, Mark L"]
[Result "1/2-1/2"]
[WhiteElo "2698"]
[BlackElo "2500"]
[PlyCount "134"]
[EventDate "2015.07.27"]
[EventRounds "11"]
[EventCountry "ENG"]

1. e4 e5 2. Nf3 Nc6 3. d4 exd4 4. Bc4 Bc5 5. c3 Nf6 6. e5 d5 7. Bb5 Ne4 8. cxd4
Bb4+ 9. Nbd2 O-O 10. O-O Bf5 11. Nb3 Na5 12. a3 Nxb3 13. Qxb3 Ba5 14. Be3 Bb6
15. a4 a5 16. Rac1 Qe7 17. Ne1 Rad8 18. f3 Ng5 19. Bd3 Bxd3 20. Nxd3 Ne6 21.
Qc3 f6 22. Rfe1 fxe5 23. Nxe5 Qh4 24. Rcd1 Rfe8 25. Bf2 Qg5 26. g3 Qf5 27. Kg2
Ng5 28. g4 Qf6 29. Bh4 Qh6 30. Bxg5 Qxg5 31. Qe3 Qxe3 32. Rxe3 c5 33. Rb3 Bc7
34. Rxb7 Bxe5 35. dxe5 Rxe5 36. Kf2 d4 37. Rb5 h5 38. h3 Rf8 39. Rxd4 cxd4 40.
Rxe5 hxg4 41. hxg4 Rc8 42. Rd5 Rc2+ 43. Kg3 Rxb2 44. Rxd4 Rb4 45. Rxb4 axb4 46.
a5 b3 47. a6 b2 48. a7 b1=Q 49. a8=Q+ Kf7 50. Qd5+ Kf6 51. Qd4+ Kf7 52. Qc4+
Kf8 53. Qc5+ Kf7 54. Qf5+ Qxf5 55. gxf5 Ke7 56. Kg4 Kd6 57. Kh5 Ke5 58. Kg5 Kd4
59. Kf4 Kd3 60. Kg3 Ke3 61. Kg4 Kd4 62. Kf4 Kd3 63. Kg4 Kd4 64. Kh5 Ke3 65. Kg6
Kf4 66. Kxg7 Kxf5 67. f4 Kxf4 1/2-1/2

[Event "2015 British Chess Championships: Championship"]
[Site "University of Warwick, Coventry, Warwickshire"]
[Date "2015.08.07"]
[Round "11"]
[Board "2"]
[White "Pert, Nicholas"]
[Black "Pert, Richard G"]
[Result "1/2-1/2"]
[WhiteElo "2562"]
[BlackElo "2440"]
[PlyCount "62"]
[EventDate "2015.07.27"]
[EventRounds "11"]
[EventCountry "ENG"]

1. d4 e6 2. c4 f5 3. g3 Nf6 4. Bg2 Be7 5. Nh3 O-O 6. O-O d6 7. b3 c6 8. Bb2 Qc7
9. Nd2 e5 10. c5 e4 11. cxd6 Bxd6 12. Nc4 Na6 13. Qc1 Be7 14. f3 Nb4 15. Nf2
exf3 16. Bxf3 Be6 17. a3 Nbd5 18. e3 Rae8 19. Qd2 Nb6 20. Qd3 Bd5 21. Bxd5+
cxd5 22. Nxb6 Qxb6 23. Qxf5 Qxb3 24. Qd3 Qxd3 25. Nxd3 Ng4 26. Rxf8+ Bxf8 27.
Nf4 Nxe3 28. Re1 Re7 29. a4 Nc4 30. Rxe7 Bxe7 31. Nxd5 Nxb2 1/2-1/2

[Event "2015 British Chess Championships: Championship"]
[Site "University of Warwick, Coventry, Warwickshire"]
[Date "2015.08.07"]
[Round "11"]
[Board "3"]
[White "Hawkins, Jonathan"]
[Black "Arkell, Keith C"]
[Result "1-0"]
[WhiteElo "2554"]
[BlackElo "2502"]
[PlyCount "52"]
[EventDate "2015.07.27"]
[EventRounds "11"]
[EventCountry "ENG"]

1. e4 c5 2. Nf3 e6 3. d4 cxd4 4. Nxd4 Nc6 5. Nc3 Qc7 6. f4 a6 7. Nxc6 Qxc6 8.
Bd3 b5 9. Qe2 Bb7 10. Bd2 Be7 11. a3 Rb8 12. O-O Nf6 13. e5 Nd5 14. f5 Nxc3 15.
Bxc3 g6 16. fxe6 dxe6 17. Bb4 Bxb4 18. axb4 O-O 19. Rf4 Rbd8 20. Qf2 Qc7 21.
Re1 Rd5 22. Qe3 Qe7 23. Rg4 h5 24. Rf4 Rfd8 25. Ref1 Qg5 26. Qf2 Rd4 1-0

[Event "2015 British Chess Championships: Championship"]
[Site "University of Warwick, Coventry, Warwickshire"]
[Date "2015.08.07"]
[Round "11"]
[Board "4"]
[White "Summerscale, Aaron P"]
[Black "Gormally, Daniel W"]
[Result "1/2-1/2"]
[WhiteElo "2416"]
[BlackElo "2484"]
[PlyCount "64"]
[EventDate "2015.07.27"]
[EventRounds "11"]
[EventCountry "ENG"]

1. Nf3 Nf6 2. c4 g6 3. Nc3 Bg7 4. e4 d6 5. d4 O-O 6. Be2 c5 7. d5 e6 8. O-O Re8
9. h3 Na6 10. Bg5 h6 11. Be3 exd5 12. exd5 Ne4 13. Nxe4 Rxe4 14. Rb1 Re8 15. a3
Bf5 16. Bd3 Bxd3 17. Qxd3 Nb8 18. b4 b6 19. bxc5 bxc5 20. Rb5 Nd7 21. Rfb1 Nb6
22. Bd2 Qe7 23. Re1 Qf6 24. Rxe8+ Rxe8 25. Ba5 Nd7 26. Rb7 Qa1+ 27. Kh2 Ne5 28.
Nxe5 Qxe5+ 29. Kg1 Qa1+ 30. Kh2 Qe5+ 31. Kg1 Qa1+ 32. Kh2 Qe5+ 1/2-1/2

[Event "2015 British Chess Championships: Championship"]
[Site "University of Warwick, Coventry, Warwickshire"]
[Date "2015.08.07"]
[Round "11"]
[Board "5"]
[White "Williams, Simon K"]
[Black "Emms, John M"]
[Result "1-0"]
[WhiteElo "2426"]
[BlackElo "2460"]
[PlyCount "69"]
[EventDate "2015.07.27"]
[EventRounds "11"]
[EventCountry "ENG"]

1. d4 c5 2. d5 g6 3. Bd2 d6 4. Bc3 Nf6 5. h3 Bg7 6. g4 h6 7. a4 e6 8. e4 O-O 9.
Bg2 exd5 10. exd5 Na6 11. Ne2 Nc7 12. Na3 b6 13. Nc4 Bb7 14. Ne3 Re8 15. Nf4 b5
16. axb5 Nxb5 17. Ba5 Qd7 18. O-O Re7 19. Bd2 Ne4 20. Bxe4 Rxe4 21. Qf3 Rxf4
22. Qxf4 Nd4 23. Rfe1 Be5 24. Qe4 f5 25. Qg2 f4 26. Nc4 Nxc2 27. Nxe5 dxe5 28.
Rxe5 Nxa1 29. Qe4 Kf7 30. Qxf4+ Kg8 31. Qe4 Nb3 32. Re7 Qd6 33. Re6 Qf8 34.
Rxg6+ Kh8 35. Rxh6+ 1-0

[Event "2015 British Chess Championships: Championship"]
[Site "University of Warwick, Coventry, Warwickshire"]
[Date "2015.08.07"]
[Round "11"]
[Board "6"]
[White "Ward, Chris G"]
[Black "Flear, Glenn C"]
[Result "1-0"]
[WhiteElo "2423"]
[BlackElo "2450"]
[PlyCount "95"]
[EventDate "2015.07.27"]
[EventRounds "11"]
[EventCountry "ENG"]

1. c4 e6 2. Nc3 d5 3. d4 Nf6 4. Nf3 c6 5. e3 Nbd7 6. Qc2 b6 7. Bd3 Bb7 8. O-O
Be7 9. b3 Rc8 10. Bb2 c5 11. Rad1 cxd4 12. Nxd4 Qc7 13. Qe2 O-O 14. Ndb5 Qb8
15. cxd5 Nxd5 16. Nxd5 Bxd5 17. e4 Bc6 18. e5 Bxb5 19. Bxb5 Nc5 20. Qe3 a6 21.
Be2 b5 22. Rc1 Nd7 23. Bd4 Ba3 24. Rxc8 Rxc8 25. Rd1 Qc7 26. Bd3 g6 27. f4 Nc5
28. Bb1 Nd7 29. h4 Bc5 30. Bxc5 Qxc5 31. Qxc5 Nxc5 32. Rc1 b4 33. Rc4 a5 34.
Kf2 Rc7 35. Ke3 Na6 36. Bd3 f6 37. Rxc7 Nxc7 38. Bc4 fxe5 39. fxe5 Kf7 40. Kd4
h5 41. Kc5 Ne8 42. Bd3 Ng7 43. Kd6 Ne8+ 44. Kd7 Ng7 45. Bc4 g5 46. hxg5 h4 47.
g6+ Kxg6 48. Bxe6 1-0

[Event "2015 British Chess Championships: Championship"]
[Site "University of Warwick, Coventry, Warwickshire"]
[Date "2015.08.07"]
[Round "11"]
[Board "7"]
[White "Jones, Steven A"]
[Black "Jackson, James P"]
[Result "1/2-1/2"]
[WhiteElo "2126"]
[BlackElo "2343"]
[PlyCount "83"]
[EventDate "2015.07.27"]
[EventRounds "11"]
[EventCountry "ENG"]

1. e4 c5 2. Nf3 e6 3. d4 cxd4 4. Nxd4 a6 5. Nc3 Qc7 6. Bd3 Nf6 7. Qe2 Bd6 8.
Bd2 Nc6 9. Nb3 b5 10. g3 Bb7 11. O-O-O b4 12. Na4 Ne5 13. Kb1 Bc6 14. Nac5 Nxd3
15. Qxd3 Bb5 16. c4 bxc3 17. Qxc3 Bxc5 18. Nxc5 d6 19. Nxe6 Qxc3 20. Nxg7+ Kf8
21. Bxc3 Nxe4 22. Nf5 Nxf2 23. Bxh8 Nxh1 24. Bd4 Bc6 25. Nxd6 Rd8 26. Kc1 Rd7
27. b4 Ke7 28. Bc5 Kf6 29. Ne8+ Kf5 30. Rxd7 Bxd7 31. Nd6+ Kg4 32. Nxf7 Be6 33.
Ne5+ Kf5 34. Nf3 Bxa2 35. Kd2 Kg4 36. Ng1 Bc4 37. Ke3 Bf1 38. Bd6 h5 39. Ne2
Kh3 40. Nf4+ Kxh2 41. Nxh5 Kh3 42. Nf6 1/2-1/2

[Event "2015 British Chess Championships: Championship"]
[Site "University of Warwick, Coventry, Warwickshire"]
[Date "2015.08.07"]
[Round "11"]
[Board "8"]
[White "Batchelor, Peter J"]
[Black "Richards, Heather S"]
[Result "1-0"]
[WhiteElo "2304"]
[BlackElo "2141"]
[PlyCount "103"]
[EventDate "2015.07.27"]
[EventRounds "11"]
[EventCountry "ENG"]

1. d4 e6 2. c4 Bb4+ 3. Bd2 c5 4. Bxb4 cxb4 5. g3 Nf6 6. Bg2 O-O 7. e4 d6 8. Ne2
e5 9. O-O Qb6 10. h3 a5 11. a3 bxa3 12. Nxa3 Nc6 13. Kh2 Re8 14. d5 Nb4 15. Qd2
Nd7 16. Nc2 Nxc2 17. Qxc2 Nc5 18. b4 Na6 19. Qa4 Re7 20. Qxa5 Qxa5 21. Rxa5 b6
22. Ra3 Rb8 23. Rb1 Rc7 24. Nc3 Rxc4 25. Bf1 Rc7 26. Nb5 Rd7 27. Nxd6 Rxd6 28.
Bxa6 Bxa6 29. Rxa6 f5 30. exf5 Rb7 31. Rd1 Kf7 32. g4 Rc7 33. Re1 Kf6 34. f4
Rc2+ 35. Kg3 Rc3+ 36. Kg2 exf4 37. Re6+ Rxe6 38. dxe6 Rc6 39. Ra7 Ke5 40. e7
Rc2+ 41. Kf3 Rc3+ 42. Kf2 Rc2+ 43. Ke1 Rc8 44. Rd7 Re8 45. Kf2 Ke4 46. Rd6 b5
47. Re6+ Kd5 48. h4 Kc4 49. Kf3 Kxb4 50. g5 Kc4 51. f6 gxf6 52. gxf6 1-0

[Event "2015 British Chess Championships: Championship"]
[Site "University of Warwick, Coventry, Warwickshire"]
[Date "2015.08.07"]
[Round "11"]
[Board "9"]
[White "Kalaiyalahan, Akshaya"]
[Black "Lewis, Andrew P"]
[Result "1/2-1/2"]
[WhiteElo "1999"]
[BlackElo "2295"]
[PlyCount "90"]
[EventDate "2015.07.27"]
[EventRounds "11"]
[EventCountry "ENG"]

1. d4 Nf6 2. Nf3 g6 3. g3 Bg7 4. Bg2 O-O 5. c4 d6 6. Nc3 Nbd7 7. O-O e5 8. e4
c6 9. h3 Re8 10. Be3 a5 11. Qc2 exd4 12. Nxd4 Nc5 13. Rad1 Bd7 14. Bf4 Bf8 15.
Nde2 Qc7 16. b3 Nh5 17. Be3 f5 18. exf5 Bxf5 19. Qd2 Nf6 20. Nd4 Nfe4 21. Nxe4
Bxe4 22. f3 Bd3 23. Rfe1 Bg7 24. g4 Red8 25. Qc3 Qf7 26. Rxd3 Nxd3 27. Qxd3 d5
28. c5 Re8 29. f4 Qf6 30. Rd1 Qe7 31. Bf2 Bh6 32. f5 Be3 33. fxg6 Bxf2+ 34.
Kxf2 Qf6+ 35. Qf5 Qxg6 36. Qxg6+ hxg6 37. h4 Re5 38. Nf3 Rf8 39. Rd3 Re4 40.
Kg3 Re2 41. a3 Rfe8 42. Nd4 R2e3+ 43. Rxe3 Rxe3+ 44. Kf4 Rc3 45. Ke5 Rxc5
 1/2-1/2

[Event "2015 British Chess Championships: Championship"]
[Site "University of Warwick, Coventry, Warwickshire"]
[Date "2015.08.07"]
[Round "11"]
[Board "10"]
[White "Burrows, Martin P"]
[Black "Rudd, Jack"]
[Result "1/2-1/2"]
[WhiteElo "2148"]
[BlackElo "2247"]
[PlyCount "177"]
[EventDate "2015.07.27"]
[EventRounds "11"]
[EventCountry "ENG"]

1. e4 e5 2. Nf3 Nc6 3. Bb5 Nf6 4. Qe2 d6 5. d4 Bd7 6. d5 Ne7 7. Bxd7+ Qxd7 8.
O-O h6 9. c4 g5 10. Nc3 Bg7 11. c5 O-O 12. cxd6 cxd6 13. Ne1 Ng6 14. Nd3 Rfc8
15. Bd2 a6 16. a4 Nf4 17. Nxf4 exf4 18. a5 Qe7 19. Ra4 Nd7 20. g3 fxg3 21. hxg3
Nc5 22. Rb4 Re8 23. Re1 Qd7 24. Qf1 Re7 25. f3 g4 26. f4 Rae8 27. e5 dxe5 28.
f5 e4 29. f6 e3 30. fxe7 exd2 31. Rd1 Rxe7 32. Rxd2 Bxc3 33. bxc3 Ne4 34. Rd3
Ng5 35. Rb1 Re5 36. c4 Rf5 37. Qe2 Nf3+ 38. Kg2 Rh5 39. Rh1 Rxh1 40. Kxh1 Qf5
41. Rxf3 gxf3 42. Qf2 Qd3 43. Kh2 Kf8 44. Qc5+ Kg7 45. Qf2 Kf6 46. d6 Kg5 47.
d7 Kg4 48. Qb2 f6 49. c5 Kf5 50. Qf2 Ke6 51. d8=Q Qxd8 52. Qxf3 Qd2+ 53. Kh3
Qd5 54. Qe3+ Kd7 55. Kh2 h5 56. Qc3 Kc6 57. Qxf6+ Kxc5 58. Qc3+ Kb5 59. Qe1
Qa2+ 60. Kh3 Qxa5 61. Qe8+ Kc4 62. Qe4+ Kb3 63. Qb1+ Kc4 64. Qe4+ Kc5 65. Qxb7
Qb5 66. Qe7+ Kd4 67. Qd6+ Qd5 68. Qf4+ Qe4 69. Qf2+ Kc3 70. Qc5+ Kd2 71. Qf2+
Kd3 72. Qf1+ Kc3 73. Qc1+ Kb3 74. Qd1+ Kb4 75. Qd6+ Kb5 76. Qd7+ Qc6 77. Qd3+
Kb6 78. Qd4+ Kb7 79. Qb4+ Ka7 80. Qd4+ Kb8 81. Qe5+ Kc8 82. Qh8+ Kc7 83. Qe5+
Kd7 84. Qg7+ Kd8 85. Qf8+ Kc7 86. Qf4+ Qd6 87. Qc4+ Kb7 88. Qf7+ Kb6 89. Qxh5
 1/2-1/2

[Event "2015 British Chess Championships: Championship"]
[Site "University of Warwick, Coventry, Warwickshire"]
[Date "2015.08.07"]
[Round "11"]
[Board "11"]
[White "Wadsworth, Matthew J"]
[Black "Scott, Gordon W"]
[Result "1-0"]
[WhiteElo "2160"]
[BlackElo "2101"]
[PlyCount "91"]
[EventDate "2015.07.27"]
[EventRounds "11"]
[EventCountry "ENG"]

1. c4 e6 2. g3 d5 3. Bg2 Nf6 4. Nf3 Be7 5. O-O O-O 6. b3 d4 7. e3 c5 8. Bb2 Nc6
9. exd4 cxd4 10. Re1 Re8 11. d3 Bc5 12. a3 a5 13. Ne5 Nxe5 14. Rxe5 Qd6 15. f4
Rb8 16. Nd2 b6 17. h3 Bb7 18. Bxb7 Rxb7 19. Qf3 Rbe7 20. Ne4 Nxe4 21. Rxe4 Rb8
22. Qf2 Rd7 23. Kh2 Rbd8 24. Ra2 h6 25. Qe2 Qb8 26. Qe1 h5 27. b4 axb4 28. axb4
Bd6 29. Bc1 Re8 30. h4 g6 31. Rae2 Rde7 32. Rxd4 e5 33. Rde4 f5 34. R4e3 Qc7
35. fxe5 Bxe5 36. d4 Bf6 37. Rxe7 Rxe7 38. Rxe7 Bxe7 39. Qe6+ Kg7 40. Bf4 Qa7
41. Be5+ Kf8 42. Qxg6 Bxb4 43. Qxf5+ Qf7 44. Qxf7+ Kxf7 45. Bc7 Ba5 46. c5 1-0

[Event "2015 British Chess Championships: Championship"]
[Site "University of Warwick, Coventry, Warwickshire"]
[Date "2015.08.07"]
[Round "11"]
[Board "12"]
[White "Hackner, Oskar A"]
[Black "Cooper, John G"]
[Result "1-0"]
[WhiteElo "2162"]
[BlackElo "2313"]
[PlyCount "57"]
[EventDate "2015.07.27"]
[EventRounds "11"]
[EventCountry "ENG"]

1. d4 e6 2. c4 Bb4+ 3. Bd2 a5 4. Nc3 Nf6 5. e4 d5 6. e5 Ne4 7. Nxe4 dxe4 8. a3
Bxd2+ 9. Qxd2 c5 10. d5 O-O 11. f4 b5 12. Nh3 e3 13. Qxe3 exd5 14. cxd5 Qxd5
15. Rd1 Qb7 16. Bd3 Nc6 17. Ng5 h6 18. Qe4 g6 19. Nxf7 Qxf7 20. Qxc6 Ra6 21.
Qxc5 Qxf4 22. Rf1 Qh4+ 23. g3 Rxf1+ 24. Kxf1 Qg4 25. Be2 Qf5+ 26. Kg1 Be6 27.
Rf1 Qg5 28. Rf8+ Kg7 29. Rf6 1-0

[Event "2015 British Chess Championships: Championship"]
[Site "University of Warwick, Coventry, Warwickshire"]
[Date "2015.08.07"]
[Round "11"]
[Board "13"]
[White "Weaving, Richard"]
[Black "Taylor, Adam A"]
[Result "1-0"]
[WhiteElo "2257"]
[BlackElo "2055"]
[PlyCount "76"]
[EventDate "2015.07.27"]
[EventRounds "11"]
[EventCountry "ENG"]

1. e4 c5 2. Nf3 Nc6 3. Nc3 e6 4. d4 cxd4 5. Nxd4 Nf6 6. Ndb5 Bb4 7. a3 Bxc3+ 8.
Nxc3 d5 9. exd5 exd5 10. Bd3 O-O 11. O-O d4 12. Ne2 Re8 13. Bg5 h6 14. Bh4 g5
15. Bg3 Ne4 16. f3 Nxg3 17. Nxg3 Ne5 18. f4 Bg4 19. Be2 Bxe2 20. Qxe2 d3 21.
Qd2 gxf4 22. Qxf4 dxc2 23. Rae1 Qg5 24. Qf2 Rac8 25. h4 Qg6 26. h5 Qg5 27. Ne4
c1=Q 28. Rxc1 Qxc1 29. Nf6+ Kf8 30. Rxc1 Rxc1+ 31. Kh2 Re6 32. Qf4 Rc4 33.
Qxh6+ Ke7 34. Nd5+ Kd7 35. Qg5 Rc5 36. Qd2 Rd6 37. Nf6+ Kc6 38. Qf4 Kb6 1-0

[Event "2015 British Chess Championships: Championship"]
[Site "University of Warwick, Coventry, Warwickshire"]
[Date "2015.08.07"]
[Round "11"]
[Board "14"]
[White "Storey, Charles H"]
[Black "Lam, Paul G M"]
[Result "1-0"]
[WhiteElo "2245"]
[BlackElo "2136"]
[PlyCount "61"]
[EventDate "2015.07.27"]
[EventRounds "11"]
[EventCountry "ENG"]

1. d4 Nc6 2. Nf3 d6 3. e4 Nf6 4. Nc3 Bg4 5. Bb5 a6 6. Bxc6+ bxc6 7. h3 Bh5 8.
Bg5 h6 9. Bxf6 exf6 10. g4 Bg6 11. Qe2 Be7 12. Nh4 Bh7 13. Qc4 O-O 14. Qxc6 d5
15. Qxd5 Qb8 16. O-O-O Bb4 17. f3 Bxc3 18. bxc3 c6 19. Qc4 Qg3 20. Nf5 Bxf5 21.
gxf5 Rab8 22. Kd2 Qxf3 23. Qe2 Qf4+ 24. Qe3 Qh4 25. Rhg1 Rfe8 26. Rg4 Qh5 27.
Rdg1 g6 28. fxg6 f5 29. gxf7+ Kxf7 30. Rg7+ Kf8 31. Qf4 1-0

[Event "2015 British Chess Championships: Championship"]
[Site "University of Warwick, Coventry, Warwickshire"]
[Date "2015.08.07"]
[Round "11"]
[Board "15"]
[White "Villiers, Thomas"]
[Black "Osborne, Marcus E"]
[Result "1/2-1/2"]
[WhiteElo "2097"]
[BlackElo "2190"]
[PlyCount "104"]
[EventDate "2015.07.27"]
[EventRounds "11"]
[EventCountry "ENG"]

1. c4 Nf6 2. g3 e5 3. Bg2 c6 4. d4 Bb4+ 5. Bd2 Bxd2+ 6. Qxd2 d6 7. dxe5 dxe5 8.
Qxd8+ Kxd8 9. Nf3 Re8 10. Nc3 Kc7 11. Ng5 Re7 12. O-O Bg4 13. Rfd1 a5 14. Rd2
Nbd7 15. h3 Be6 16. Nxe6+ Rxe6 17. Rc1 Ree8 18. Rcd1 Nc5 19. b3 Ra6 20. Rb1
Nfd7 21. Ne4 Nxe4 22. Bxe4 Nc5 23. Bc2 e4 24. e3 f5 25. h4 Nd7 26. Bd1 g6 27.
Be2 c5 28. Kf1 a4 29. Rdb2 axb3 30. axb3 Rea8 31. b4 Ra1 32. bxc5 Rxb1+ 33.
Rxb1 Ra2 34. h5 Nxc5 35. hxg6 hxg6 36. g4 Na4 37. gxf5 Nc3 38. Re1 gxf5 39. Bh5
Ra6 40. Rc1 Rh6 41. Rxc3 Rxh5 42. Kg2 Kd6 43. Rb3 Rg5+ 44. Kf1 Rg7 45. Rb5 Rc7
46. Kg2 Ke6 47. Rb6+ Ke5 48. Rb5+ Ke6 49. Rb6+ Ke5 50. Rb5+ Kf6 51. Rb6+ Kg5
52. f4+ exf3+ 1/2-1/2